000
00315nam a22001337a 4500
020
_q
PB.
040
_c
FIZZA ISHAQ
082
_a
006.3
_b
SCE
100
_a
SCERRI.
_9
91816
245
_a
COORDINATION OF LARE SCALE MULTIAGENT SYSTEMS /
_c
SCERRI.
260
_a
SSBM ;
_c
2010.
300
_a
347 P. ;
942
_2
ddc
_c
BK
999
_c
589951
_d
589951